| 000 | 00745aam a2200229 4500 | ||
|---|---|---|---|
| 005 | 20220128130712.0 | ||
| 008 | 150427b xxu||||| |||| 00| 0 spa d | ||
| 041 | _aspa | ||
| 082 | _a657.48 M385c | ||
| 100 |
_aMartínez Castillo, Aureliano _932918 |
||
| 245 | _aConsolidación de estados financieros: contabilidad avanzada para grupos de personas | ||
| 260 |
_aMéxico _bMcGraw-Hill _c2010 |
||
| 300 | _a499 páginas | ||
| 650 |
_aESTADOS FINANCIEROS _965 |
||
| 650 |
_aCONTABILIDAD _92655 |
||
| 650 |
_aINFORME ADMINISTRATIVO _932919 |
||
| 650 |
_aANÁLISIS DE COSTOS _99060 |
||
| 650 |
_aREGISTRO CONTABLE _910804 |
||
| 650 |
_aCÓDIGO FISCAL DE LA FEDERACIÓN _932920 |
||
| 650 |
_aLEY DEL IMPUESTO SOBRE LA RENTA _932921 |
||
| 942 | _cBK | ||
| 999 |
_c5016 _d5016 |
||